Let's Talk Quality 96 Questions You Always Wanted to Ask Phil Crosby
Salvato in:
| Autore principale: | |
|---|---|
| Natura: | Libro |
| Lingua: | inglese |
| Pubblicazione: |
New York
McGraw-Hill
1989
|
| Edizione: | 1. ed. |
| Tags: |
Nessun Tag, puoi essere il primo ad aggiungerne!!
|
MARC
| LEADER | 00000nam a2200000 4500 | ||
|---|---|---|---|
| 001 | c033795 | ||
| 005 | 20221215114055.3 | ||
| 041 | 0 | |a eng | |
| 044 | |a US | ||
| 245 | 1 | 0 | |a Let's Talk Quality |b 96 Questions You Always Wanted to Ask Phil Crosby |c Philip B. Crosby |
| 250 | |a 1. ed. | ||
| 264 | 1 | |a New York |b McGraw-Hill |c 1989 | |
| 300 | |a 208 s. | ||
| 100 | 1 | |a Crosby, Philip B. | |